000
00302nam a22001331a 4500
082
_a
S 294.5921
_b
PUR
245
_a
Purusharthvyavastha/
260
_a
Mumbai:
_b
Goswami Shyammanohar,
_c
2012.
300
_a
401p.
650
_a
Vedic Literature
650
_a
Hinduism
650
_a
Religion
942
_c
BK
999
_c
36612
_d
36612